<?xml version="1.0" encoding="UTF-8"?>
<record
    xmlns:xsi="http://www.w3.org/2001/XMLSchema-instance"
    xsi:schemaLocation="http://www.loc.gov/MARC21/slim http://www.loc.gov/standards/marcxml/schema/MARC21slim.xsd"
    xmlns="http://www.loc.gov/MARC21/slim">

  <leader>01345nam0a2200349   4500</leader>
  <controlfield tag="001">RU\NLR\BIBL_A\012011233</controlfield>
  <controlfield tag="005">20190716165255.0</controlfield>
  <datafield tag="010" ind1=" " ind2=" ">
    <subfield code="a">978-5-6041633-8-2</subfield>
    <subfield code="9">160</subfield>
  </datafield>
  <datafield tag="021" ind1=" " ind2=" ">
    <subfield code="a">RU</subfield>
    <subfield code="b">&#x41A;&#x41D;-&#x41F;-19-027685</subfield>
    <subfield code="9">&#x41A;&#x41D;-&#x41F;-19-2090</subfield>
  </datafield>
  <datafield tag="035" ind1=" " ind2=" ">
    <subfield code="a">(NLR Aleph) 012011233</subfield>
  </datafield>
  <datafield tag="035" ind1=" " ind2=" ">
    <subfield code="a">(RuMoRGB)009950294</subfield>
  </datafield>
  <datafield tag="090" ind1=" " ind2=" ">
    <subfield code="a">11452255</subfield>
    <subfield code="c">11452255</subfield>
  </datafield>
  <datafield tag="100" ind1=" " ind2=" ">
    <subfield code="a">20190515d2018    u  y0rusy50      ca</subfield>
  </datafield>
  <datafield tag="101" ind1="0" ind2=" ">
    <subfield code="a">rus</subfield>
  </datafield>
  <datafield tag="102" ind1=" " ind2=" ">
    <subfield code="a">RU</subfield>
  </datafield>
  <datafield tag="105" ind1=" " ind2=" ">
    <subfield code="a">ac||w|||000zy</subfield>
  </datafield>
  <datafield tag="200" ind1="1" ind2=" ">
    <subfield code="a">&#x413;&#x440;&#x435;&#x445;</subfield>
    <subfield code="e">&#x3B1;&#x3BC;&#x3B1;&#x3C1;&#x3C4;&#x3AF;&#x3B1;</subfield>
    <subfield code="f">&#x43F;&#x440;&#x43E;&#x442;&#x43E;&#x438;&#x435;&#x440;&#x435;&#x439; &#x414;&#x43C;&#x438;&#x442;&#x440;&#x438;&#x439; &#x41C;&#x43E;&#x43D;&#x438;&#x447;&#x435;&#x432;</subfield>
    <subfield code="z">gre</subfield>
  </datafield>
  <datafield tag="210" ind1=" " ind2=" ">
    <subfield code="a">&#x41A;&#x438;&#x441;&#x43B;&#x43E;&#x432;&#x43E;&#x434;&#x441;&#x43A;</subfield>
    <subfield code="a">&#x421;&#x442;&#x430;&#x432;&#x440;&#x43E;&#x43F;&#x43E;&#x43B;&#x44C;</subfield>
    <subfield code="c">&#x41F;&#x435;&#x447;&#x430;&#x442;&#x43D;&#x44B;&#x439; &#x434;&#x432;&#x43E;&#x440;</subfield>
    <subfield code="d">2018</subfield>
  </datafield>
  <datafield tag="215" ind1=" " ind2=" ">
    <subfield code="a">90, [2] &#x441;.</subfield>
    <subfield code="c">&#x438;&#x43B;., &#x43F;&#x43E;&#x440;&#x442;&#x440;.</subfield>
    <subfield code="d">21</subfield>
  </datafield>
  <datafield tag="300" ind1=" " ind2=" ">
    <subfield code="a">&#x41D;&#x430; &#x43E;&#x431;&#x43B;. &#x430;&#x432;&#x442;. &#x43D;&#x435; &#x443;&#x43A;&#x430;&#x437;&#x430;&#x43D;</subfield>
  </datafield>
  <datafield tag="320" ind1=" " ind2=" ">
    <subfield code="a">&#x411;&#x438;&#x431;&#x43B;&#x438;&#x43E;&#x433;&#x440;. &#x432; &#x43A;&#x43E;&#x43D;&#x446;&#x435; &#x43A;&#x43D;. (53 &#x43D;&#x430;&#x437;&#x432;.) &#x438; &#x432; &#x43F;&#x43E;&#x434;&#x441;&#x442;&#x440;&#x43E;&#x447;. &#x43F;&#x440;&#x438;&#x43C;&#x435;&#x447;.</subfield>
  </datafield>
  <datafield tag="510" ind1="1" ind2=" ">
    <subfield code="6">z73790</subfield>
    <subfield code="a">&#x3B1;&#x3BC;&#x3B1;&#x3C1;&#x3C4;&#x3AF;&#x3B1;</subfield>
    <subfield code="z">gre</subfield>
  </datafield>
  <datafield tag="606" ind1="1" ind2=" ">
    <subfield code="a">&#x413;&#x440;&#x435;&#x445; (&#x440;&#x435;&#x43B;&#x438;&#x433;.)</subfield>
    <subfield code="2">nlr_sh1</subfield>
    <subfield code="2">nlr_sh2</subfield>
    <subfield code="3">RU\NLR\AUTH\66993402</subfield>
  </datafield>
  <datafield tag="686" ind1="2" ind2=" ">
    <subfield code="a">&#x42D;372.24-433.222</subfield>
  </datafield>
  <datafield tag="700" ind1=" " ind2="1">
    <subfield code="a">&#x41C;&#x43E;&#x43D;&#x438;&#x447;&#x435;&#x432;</subfield>
    <subfield code="b">&#x414;.</subfield>
    <subfield code="f">1957-</subfield>
    <subfield code="g">&#x414;&#x438;&#x43C;&#x438;&#x442;&#x440;&#x438;&#x439;</subfield>
    <subfield code="3">RU\NLR\AUTH\770136651</subfield>
  </datafield>
  <datafield tag="790" ind1=" " ind2="1">
    <subfield code="6">z73510</subfield>
    <subfield code="a">Moni&#x10D;ev</subfield>
    <subfield code="b">D.</subfield>
    <subfield code="f">1957-</subfield>
    <subfield code="g">Dimitrij</subfield>
  </datafield>
  <datafield tag="942" ind1=" " ind2=" ">
    <subfield code="c">BOOK</subfield>
  </datafield>
  <datafield tag="980" ind1=" " ind2=" ">
    <subfield code="a">NBR</subfield>
  </datafield>
  <datafield tag="980" ind1=" " ind2=" ">
    <subfield code="a">NB</subfield>
  </datafield>
</record>
